000 00596nam a22001937a 4500
005 20241028144954.0
010 _aENG-142462
020 _c150.00
035 _aEN-125994
037 _bDBAD
082 _a881
100 _aRaju, Sarakonda Narasimha Raju
_973563
245 _aA Face Defaced:
_bAnthology of Poems/
_cby Sarikonda Narasimha Raju
260 _aAndhra Pradesh and Telangana
_bSrujana Arts Academy
270 _aNagarjuna Sagar
_bAndhra Pradesh and Telangana
300 _a160p.
_c22cm(pbk)
700 _atranslated by Mo
_973562
942 _2ddc
_cEN
_h881
_mRAJ
999 _c206807
_d206807